All Asian countries to qualify for the Fifa World Cup - Statistics

General Stats
  • This quiz has been taken 74 times
  • The average score is 12 of 14
Answer Stats
Debut Best result Number of participations Population Answer % Correct
1998 Round 2 7 123,294,513 Japan
100%
1954 4th 11 51,784,059 South Korea
100%
2002 Round 1 1 1,425,671,352 China
97%
1978 Round 1 6 89,172,767 Iran
92%
2022 Round 1 1 2,716,391 Qatar
92%
1966 Quarterfinals 2 26,160,822 North Korea
91%
1986 Round 1 1 45,504,560 Iraq
88%
1994 Round 2 6 36,947,025 Saudi Arabia
88%
1970 Round 1 1 9,174,520 Israel
86%
1938 Round 1 1 277,534,123 Indonesia
84%
1954 3rd 2 87,035,401 Turkey
84%
1982 Round 1 1 4,310,108 Kuwait
83%
1990 Round 1 1 9,516,871 UAE
80%
1958 4th 10 144,444,359 Russia
75%
No matching quizzes found
Score Distribution
Percent of People with Each Score
Percentile by Number Answered
Your Score History
You have not taken this quiz